000 00497 a2200157 4500
999 _c78
_d78
008 190917b ||||| |||| 00| 0 eng d
020 _a8174506136
082 0 0 _a320.05
_bN3373
110 _94922
_aNational Council of Educational Research and Training (NCERT)
245 _aPolitical theory: textbook for class XI /
250 _a1st ed.
260 _aNew Delhi:
_bNational Council of Educational Research and Training,
_c2006.
300 _a158 p.
650 0 _aPolitical Science
942 _2ddc
_cBK